1477 1947 1961 1543 1282 1864 1176 1638 1165 1145 1381 1949 1520 1414 1430 1148 1807 1649 1443 1348 1838 1682 1400 1412 1485 1707 1335 1329 1547 1769 1006 1885 1012 1580 1726 1181 1140 1578 1182 1104 1547 1534 1467 1737 1607 1992 1422 1426 1411 1892 1935 1701 1937 1615 1268 1786 1531 1697 1182 1013 1940 1402 1882 1798 1836 1429 1762 1846 1408 1817 1179 1491 1923 1710 1622 1896 1729 1923 1126 1902 1409 1732 1461 1870 1037 1546 1290 1929 1224 1318 1362 1407 1512 1701 1050 1600 1934 1631 1910 BCNSPRNW ULIB Ver.6.0+V

เปลี่ยนเป็นภาษาไทย

Change to English
 แสดงรายละเอียดบรรณานุกรม
  กลับหน้าหลัก

Brief Record : Get Marc (ISO 2709) : E-mail record : QR code < ปิดหน้าต่าง
LEADER : 00000nam 2200000uu 4500
001    13399112140
003     ULIB
008    110627s2549||||th 000 0 tha d
020    9789749476433
090    นว.^bร387ล 2549
100 0  รัมย์
245 00 ลิขิตหัวใจในสวนรัก/^cรัมย์
250    พิมพ์ครั้งที่ 1
260    กรุงเทพฯ :^b1168 พับลิชชิ่ง,^c2549
300    364 หน้า
710 1  1168 พับลิชชิ่ง
945    ^p219^l0^i020305
995    ทศพร
999 ^a ใช้งานได้ทุกระบบ
รายการนี้ยังไม่มีแท็ก
คุณยังไม่ได้ล็อกอิน คุณสามารถมีกิจกรรมร่วมกับเว็บไซต์ได้ แต่ต้องล็อกอินก่อน ::
  ล็อกอิน

รายการสื่อสารสนเทศ

ลำดับที่ ประเภท เลขเรียก/บาร์โค้ด สถานที่ สถานะ
- ไม่พบข้อมูล -

รายการใกล้เคียง
    ผู้แต่ง [รัมย์]

BibComment


ยังไม่เคยถูกคอมเมนท์

คอมเมนท์ทรัพยากรรายการนี้
  คอมเมนท์: ลิขิตหัวใจในสวนรั..


 Copyright 2026. Bcnsprnw @Library